| Tag |
First Indicator |
Second Indicator |
Subfields |
| LEADER |
00000cam a2200000 i 4500 |
| 001 |
in00004722021 |
| 008 |
810622m17371740ie af 000 1 eng d |
| 005 |
20230531202700.8 |
| 035 |
|
|
|a (OCoLC)ocm07518583
|
| 040 |
|
|
|a SNC
|b eng
|e rda
|c SNC
|d OCLCG
|d BUF
|d OCLCA
|d OCLCQ
|d OCLCO
|d TXA
|
| 035 |
|
|
|a (OCoLC)7518583
|
| 041 |
1 |
|
|a eng
|h fre
|
| 050 |
1 |
4 |
|a PQ1997.B3
|b E5 1737
|
| 082 |
|
4 |
|a 843.51
|b L622
|
| 100 |
1 |
|
|a Le Sage, Alain René,
|d 1668-1747,
|e author.
|
| 240 |
1 |
0 |
|a Bachelier de Salamanque.
|l English
|
| 245 |
1 |
4 |
|a The bachelor of Salamanca :
|b or, memoirs of Don Cherubim de la Ronda /
|c written originally in French by Mr. Le Sage ; translated by Mr. Lockman.
|
| 246 |
3 |
|
|a Memoirs of Don Cherubim de la Ronde
|
| 264 |
|
1 |
|a Dublin :
|b Printed by George Faulkner, Bookseller in Essex Street, opposite to the Bridge,
|c 1737-1740.
|
| 300 |
|
|
|a 2 volumes (3 leaves, 259 pages ; 2 leaves, viii-xii, 2 leaves, 252 pages) ;
|c 17 cm (12mo)
|
| 336 |
|
|
|a text
|b txt
|2 rdacontent
|
| 337 |
|
|
|a unmediated
|b n
|2 rdamedia
|
| 338 |
|
|
|a volume
|b nc
|2 rdacarrier
|
| 340 |
|
|
|m 12mo
|2 rdabf
|
| 500 |
|
|
|a Volume 1 in three parts.
|
| 500 |
|
|
|a Translation of: Le bachelier de Salamanque, ou, Les mémoires et aventures de Don Cherubin de la Ronde.
|
| 500 |
|
|
|a Volume 2, comprising part 3, was published in 1740.
|
| 500 |
|
|
|a Signatures: [volume 1]: A *, B-M¹² 1V² ; [volume 2]: A¹ *, A²-A⁸ B-L¹² M⁶
|
| 500 |
|
|
|a Signatures:[A]⁴, B-L¹², M⁸, N².
|
| 500 |
|
|
|a Head- and tail-pieces, factotum initials; engraved frontispieces and plates.
|
| 500 |
|
|
|a Publisher's advertisement on final page of volume 1.
|
| 500 |
|
|
|a The Cushing Library/Rare Books copy was acquired as part of the Lois Goddard Morrison Collection of Eighteenth Century Literature.
|5 TXA
|
| 510 |
4 |
|
|a English short title catalogue,
|c N74
|
| 700 |
1 |
|
|a Lockman, John,
|d 1698-1771,
|e translator.
|
| 700 |
1 |
|
|a Faulkner, George,
|d 1703?-1775,
|e printer,
|e bookseller.
|
| 752 |
|
|
|a Ireland
|d Dublin.
|
| 994 |
|
|
|a Z0
|b TMV
|
| 948 |
|
|
|h NO HOLDINGS IN TMV - 5 OTHER HOLDINGS
|
| 999 |
f |
f |
|s 478b4bf1-ee9d-4fa1-b560-84eb88fb468c
|i 4a8fe398-13f1-43b3-9cf9-4a0a21243a25
|t 0
|
| 952 |
f |
f |
|p noncirc
|a Texas A&M University
|b College Station
|c Cushing Memorial Library & Archives
|d Cushing: Rare Books (Does not check out)
|t 0
|e PQ1997.B3 E5 1737
|h Library of Congress classification
|i unmediated -- volume
|k v.2
|m A14853064828
|
| 952 |
f |
f |
|p noncirc
|a Texas A&M University
|b College Station
|c Cushing Memorial Library & Archives
|d Cushing: Rare Books (Does not check out)
|t 0
|e PQ1997.B3 E5 1737
|h Library of Congress classification
|i unmediated -- volume
|k v.1
|m A14853064817
|
| 998 |
f |
f |
|a PQ1997.B3 E5 1737
|s v.1
|t 0
|l Cushing: Rare Books (Does not check out)
|